000
00331nam a22001457a 4500
008
250709b ||||| |||| 00| 0 eng d
020
_a
RILINDJA
041
_a
SHQIP
080
_2
1985
_a
001
082
_a
001
100
_a
1
101
_a
GJUH DHE LETERSI
245
_a
HISTORIA E LETERSIS BOTERORE
_c
RILINDJA
942
_2
udc
_c
BK
999
_c
60725
_d
60725